1577 1016 1065 1835 1382 1355 1595 1762 1941 1087 1475 1251 1319 1710 1134 1854 1613 1569 1307 1338 1574 1294 1901 1849 1540 1029 1070 1847 1746 1934 1974 1591 1658 1266 1563 1654 1297 1305 1002 1039 1089 1558 1350 1550 1961 1976 1270 1522 1727 1893 1391 1427 1494 1887 1886 1039 1996 1136 1001 1441 1168 1898 1984 1367 1207 1001 1807 1286 1160 1798 1099 1021 1435 1440 1844 1399 1298 1451 1717 1993 1078 1521 1422 1186 1982 1628 1822 1175 1808 1694 1496 1663 1390 1075 1933 1029 1061 1897 1359 BCNSPRNW ULIB Ver.6.0+V

เปลี่ยนเป็นภาษาไทย

Change to English
 แสดงรายละเอียดบรรณานุกรม
  กลับหน้าหลัก

Brief Record : Get Marc (ISO 2709) : E-mail record : QR code < ปิดหน้าต่าง
LEADER : 00000nam 2200000uu 4500
001    13399121152
003     ULIB
008    020711s2546 th a 000 0 tha d
245    สรุปผลการประชุมสัมมนาโครงการประชุมสัมมนา เรื่องการพัฒนานิสิตนักศึกษาแนวทางการแก้ไขปัญหาภาวะวิกฤติทางสังคมที่มีผลกระทบต่อนิสิตนักศึกษา
250    พิมพ์ครั้งที่ 1
260    นครสวรรค์ :^bมหาวิทยาลัยราชภัฏนครสวรรค์,^c2546
300    82 หน้า
945    ^p0^l0^i12410
999    ^aทศพร เกษรทอง
รายการนี้ยังไม่มีแท็ก
คุณยังไม่ได้ล็อกอิน คุณสามารถมีกิจกรรมร่วมกับเว็บไซต์ได้ แต่ต้องล็อกอินก่อน ::
  ล็อกอิน

รายการสื่อสารสนเทศ

ลำดับที่ ประเภท เลขเรียก/บาร์โค้ด สถานที่ สถานะ
1. วิทยาศาสตร์การแพทย์ และสุขภาพ
วิทยาศาสตร์การแพทย์ และสุขภาพ
  
  Barcode: 12410
ห้องสมุดวิทยาเขตสวรรค์ประชารักษ์
►หนังสือทั่วไป
บนชั้น

BibComment


ยังไม่เคยถูกคอมเมนท์

คอมเมนท์ทรัพยากรรายการนี้
  คอมเมนท์: สรุปผลการประชุมสั..


 Copyright 2026. Bcnsprnw @Library